Mathematics and the 10-year-old : the report of the Schools Council project, Primary School Mathematics : Evaluation Studies ... /

Saved in:
Bibliographic Details
Main Author: Ward, Murray
Corporate Author: Primary School Mathematics : Evaluation Studies (Project)
Format: Book
Language:English
Published: London : Evans Bros : Methuen, 1979.
Series:School Council working paper 61.
Working papers ; 61.
Subjects:
LEADER 01278nam a2200313 a 4500
001 c000159043
003 CARM
005 19890704000000.0
008 790504s1979 enkak 000 0 eng d
015 |a B7914613 
019 1 |a 2590338  |z 40710921  |z 12530375  |5 LACONCORD2021 
020 |a 0423506005  |b (Pbk) 
035 |a (OCoLC)16423162  |5 LACONCORD2021 
040 |a VCAV  |b eng  |c VCAV  |d ABN:1 
043 |a e-uke-- 
082 0 4 |a 372.7/3 
100 1 |a Ward, Murray. 
245 1 0 |a Mathematics and the 10-year-old :  |b the report of the Schools Council project, Primary School Mathematics : Evaluation Studies ... /  |c [by] Murray Ward. 
260 |a London :  |b Evans Bros : Methuen,  |c 1979. 
300 |a 168p :  |b ill, forms ;  |c 21cm. 
490 1 |a School Council working paper 61. 
490 1 |a Working papers ;  |v 61. 
650 0 |a Mathematics  |x Study and teaching (Primary)  |z England. 
650 0 |a Learning. 
710 2 |a Primary School Mathematics : Evaluation Studies (Project) 
810 2 |a Schools Council (Great Britain)  |t Working paper ;  |v 61. 
852 8 |b CARM  |h A2:AJ07B0  |i B04739  |p 0209180  |f BK 
999 f f |i ca676db8-88b7-5eb1-a28b-6fdc178abba5  |s 71abb606-e28b-5644-bd18-cac818c51b68 
952 f f |p Can circulate  |a CAVAL  |b CAVAL  |c CAVAL  |d CARM 1 Store  |e B04739  |f A2:AJ07B0  |h Other scheme  |i book  |m 0209180